[Event "Politiken Cup"]
[Site "Helsingor DEN"]
[Date "2009.07.21"]
[Round "5"]
[White "Carnstam,T"]
[Black "Moe,P"]
[Result "1/2-1/2"]
[WhiteElo "2047"]
[BlackElo "1820"]
[EventDate "2009.07.18"]

1. c4 Nf6 2. Nc3 d5 3. cxd5 Nxd5 4. e4 Nxc3 5. bxc3 c5 6. Bc4 Nc6 7. f4 e6
8. Nf3 Be7 9. O-O O-O 10. d4 cxd4 11. cxd4 b6 12. Be3 Bb7 13. Qe2 Rc8 14.
Rac1 Nb4 15. Nd2 Rc7 16. a3 Nc6 17. Qd3 Rd7 18. Nf3 Qa8 19. d5 exd5 20.
Bxd5 Rfd8 21. Qb5 Rd6 22. Ne5 Nxe5 23. fxe5 Rxd5 24. exd5 Rxd5 25. Qb3 Bf8
26. Rf2 Qd8 27. Rcf1 Ba6 28. Re1 Qd7 29. Qb2 Rd3 30. Rd2 Rxd2 31. Bxd2 Bc4
32. Bb4 Bxb4 33. axb4 a6 34. Qc3 Be6 35. Qe3 Qb5 36. Qd4 h6 37. Rd1 a5 38.
bxa5 bxa5 39. Ra1 Qb4 40. Qd8+ Kh7 41. Qxa5 Qd4+ 42. Kh1 Qe4 43. Qe1 Qg4
44. h3 Qg5 45. Kh2 Bd5 46. Qg3 Qd2 47. Ra3 g6 48. Rd3 Qa2 49. Rd1 Bb3 50.
Rf1 Bd5 51. Rf2 Qa8 52. Qf4 Qb7 53. Rd2 Qb3 54. Qd4 Be6 55. Rb2 Qa3 56. Rb8
Qa5 57. Qf4 Bf5 58. Rb7 Qd5 59. Rb6 Qc5 60. Rd6 Qb5 61. Rd2 Qa5 62. g4 Be6
63. Qd4 Qb5 64. Rf2 Qa5 65. Qe3 Qa1 66. Rd2 Qf1 67. Qf2 Qb5 68. Qe2 Qa5 69.
Qe3 Qb5 70. Qf4 Qa5 71. Qd4 Qb5 72. Kg2 Qb7+ 73. Kh2 Qb5 74. Rf2 Qa5 75.
Qf4 Qe1 76. Qg3 Qe4 77. Rf4 Qe2+ 78. Rf2 Qe4 79. Qf4 Qe1 80. Rd2 Qc1 81.
Qf2 Qc3 82. Qd4 Qa5 83. Rb2 Qe1 84. Rd2 Qf1 85. Rf2 Qe1 86. Qf4 Qc3 87. h4
Qd3 88. Rd2 Qc3 89. Rf2 1/2-1/2

[Event "Politiken Cup"]
[Site "Helsingor DEN"]
[Date "2009.07.21"]
[Round "5"]
[White "Capion,J"]
[Black "Lund,P"]
[Result "0-1"]
[WhiteElo "1690"]
[BlackElo "2047"]
[EventDate "2009.07.18"]

1. e4 e5 2. Nf3 Nf6 3. Nxe5 d6 4. Nf3 Nxe4 5. Nc3 Nxc3 6. dxc3 Be7 7. Bd3
O-O 8. h3 Nd7 9. Be3 d5 10. Qd2 c5 11. Rd1 Nf6 12. O-O b6 13. Bb5 Bb7 14.
Ne5 Qc8 15. Be2 Ne4 16. Qc1 Qe6 17. Nd3 Rad8 18. Rfe1 Bf6 19. Bg4 Qc6 20.
Bf4 Rfe8 21. f3 Nd6 22. Ne5 Bxe5 23. Rxe5 Rxe5 24. Bxe5 h6 25. Qf4 b5 26.
Bh5 Rd7 27. Bxd6 Qxd6 28. Bxf7+ Kf8 29. Qxd6+ Rxd6 30. Bh5 g6 31. Bg4 h5
32. Bxh5 gxh5 33. Re1 d4 34. Rd1 Ke7 35. cxd4 Rxd4 36. Rxd4 cxd4 37. Kf2
Kf6 38. h4 Bd5 39. a3 Ke5 40. g3 a5 41. Ke2 Be6 42. Kd3 Bf5+ 43. Kd2 Kd5
44. b3 Kc5 45. c3 dxc3+ 46. Kxc3 b4+ 47. Kb2 Kd4 48. g4 hxg4 49. fxg4 Bxg4
50. Kc2 Ke3 51. Kc1 Kd3 52. Kb2 Kd2 0-1

[Event "Politiken Cup"]
[Site "Helsingor DEN"]
[Date "2009.07.21"]
[Round "5"]
[White "Brendel,B"]
[Black "Tari,A"]
[Result "0-1"]
[WhiteElo "2046"]
[BlackElo "1901"]
[EventDate "2009.07.18"]

1. e4 c5 2. Nf3 d6 3. d4 cxd4 4. Nxd4 Nf6 5. Nc3 a6 6. Bg5 e6 7. f4 Qc7 8.
Bxf6 gxf6 9. f5 Nc6 10. Be2 Nxd4 11. Qxd4 Be7 12. O-O-O Qc5 13. Qd2 Bd7 14.
g4 O-O-O 15. h4 h6 16. Rh3 Kb8 17. Nb1 Bc6 18. Rc3 Qa5 19. b4 Qb6 20. Qf4
Qxb4 21. Rxc6 bxc6 22. Bxa6 Kc7 23. a3 Qb6 24. Bc4 Rb8 25. Bb3 Qc5 26. Rd3
e5 27. Qe3 Qxe3+ 28. Rxe3 h5 29. Bxf7 hxg4 30. h5 Bf8 31. Rg3 Bh6+ 32. Nd2
Rbf8 33. Bg6 d5 34. Kd1 Rd8 35. Ke2 Bxd2 36. Kxd2 dxe4+ 37. Kc3 Rd4 38.
Rxg4 e3 39. Rg2 Re4 40. Re2 Kd6 41. Kd3 Ra4 42. Rxe3 Rxa3+ 43. c3 Ra4 44.
Rh3 Rh6 45. Rh1 e4+ 46. Ke3 Ke5 47. Rb1 Ra3 48. Rc1 Ra2 49. Be8 Rh2 50.
Bxc6 Rh3+ 51. Ke2 R6xh5 52. Rg1 Rh2+ 0-1

[Event "Politiken Cup"]
[Site "Helsingor DEN"]
[Date "2009.07.21"]
[Round "5"]
[White "Sondergaard,T"]
[Black "Nielsen,KaiG"]
[Result "0-1"]
[WhiteElo "2017"]
[BlackElo "1899"]
[EventDate "2009.07.18"]

1. e4 c5 2. Nc3 Nc6 3. f4 e6 4. Nf3 Be7 5. g3 Nf6 6. Bg2 d5 7. e5 Nd7 8.
O-O f5 9. exf6 Nxf6 10. d3 O-O 11. Re1 h6 12. Kh1 d4 13. Ne4 Nd5 14. Nf2
Qc7 15. Ng4 Bf6 16. Nge5 Nxe5 17. Nxe5 Bxe5 18. Rxe5 Bd7 19. Kg1 Nb4 20. a3
Nc6 21. Rxc5 Qd6 22. Rh5 Rf5 23. Be4 Rxh5 24. Qxh5 Be8 25. Qe2 Bf7 26. Bd2
Re8 27. Re1 Kh8 28. Qf2 Qd7 29. c4 e5 30. Bxc6 bxc6 31. Rxe5 Rxe5 32. fxe5
c5 33. b4 cxb4 34. Bxb4 Bg6 35. Bd6 Qg4 36. Qe1 Bxd3 37. e6 Bg6 38. c5 Qf3
39. e7 Be8 40. h3 d3 41. Bf4 Qd5 42. Qe5 Qxe5 43. Bxe5 d2 0-1

[Event "Politiken Cup"]
[Site "Helsingor DEN"]
[Date "2009.07.21"]
[Round "5"]
[White "Nielsen,Mor"]
[Black "Schmidt,Ho DEN"]
[Result "0-1"]
[WhiteElo "2006"]
[BlackElo "1875"]
[EventDate "2009.07.18"]

1. e4 g6 2. d4 Bg7 3. Nc3 d6 4. Be2 Nc6 5. d5 Nd4 6. Be3 Nxe2 7. Ngxe2 Nf6
8. Qd2 c5 9. Bh6 O-O 10. f3 a6 11. h4 b5 12. h5 b4 13. Nd1 e6 14. g4 exd5
15. exd5 Re8 16. hxg6 fxg6 17. Ne3 Qe7 18. Kf2 Qf7 19. Kg2 Bb7 20. Bxg7
Qxg7 21. Nf4 Qf7 22. Ne6 Nxd5 23. Ng5 Nxe3+ 24. Qxe3 Rxe3 25. Nxf7 Rxf3 26.
Nxd6 Bc6 27. Kh2 Rf2+ 28. Kg3 Raf8 29. Rhc1 R8f3+ 30. Kh4 h6 31. Rh1 Rf6
32. Nc4 g5+ 33. Kh5 Be8+ 0-1

[Event "Politiken Cup"]
[Site "Helsingor DEN"]
[Date "2009.07.21"]
[Round "5"]
[White "Sorensen,D"]
[Black "Haubro,M"]
[Result "1-0"]
[WhiteElo "2005"]
[BlackElo "1855"]
[EventDate "2009.07.18"]

1. c4 f5 2. Nc3 Nf6 3. d4 g6 4. Nf3 d6 5. Qc2 Bg7 6. Bg5 c6 7. e3 Na6 8. a3
O-O 9. Be2 Qe8 10. Bxf6 Bxf6 11. O-O-O Rb8 12. h4 b5 13. cxb5 cxb5 14. Qb3+
Kh8 15. Bxb5 Qd8 16. Qa4 Qb6 17. Rd2 Nc7 18. Bc4 e5 19. dxe5 dxe5 20. b4 e4
21. Nd4 Ne6 22. Nd5 Qb7 23. Nxf6 Rxf6 24. Qe8+ Rf8 25. Qc6 Nxd4 26. Qxb7
Rxb7 27. Rxd4 Rc7 28. Kb2 Rf6 29. Rd8+ Kg7 30. Bb3 Rfc6 31. h5 g5 32. h6+
Kg6 33. Rg8+ Kf6 34. Rh5 g4 35. Rhg5 Be6 36. Bxe6 Rxe6 37. R5g7 Rec6 38.
Rf8+ Ke5 39. Rh8 Rc2+ 40. Kb3 R7c3+ 41. Ka4 Rxf2 42. Rgxh7 Rxe3 43. Rxa7
Rxg2 44. Re8+ Kf6 45. h7 Rh3 46. h8=Q+ Rxh8 47. Rxh8 e3 48. Re8 f4 49. Rae7
Rb2 50. b5 g3 51. Rxe3 fxe3 52. Rxe3 g2 53. Rg3 Ke5 54. Ka5 Rb3 55. Rg5+
Kd6 56. a4 Rb2 57. Kb6 Kd7 58. a5 Re2 59. Rg7+ Kc8 60. Rg8+ Kd7 61. a6 Re6+
62. Kb7 Re5 63. b6 Kd6 64. a7 Re7+ 65. Ka6 Re8 66. Rxg2 1-0

[Event "Politiken Cup"]
[Site "Helsingor DEN"]
[Date "2009.07.21"]
[Round "5"]
[White "Hansen,Ras"]
[Black "Sjol,H"]
[Result "0-1"]
[WhiteElo "2001"]
[BlackElo "1852"]
[EventDate "2009.07.18"]

1. Nf3 Nf6 2. d4 e6 3. e3 b6 4. c4 Bb7 5. Nc3 c5 6. d5 exd5 7. cxd5 d6 8.
Be2 g6 9. O-O Bg7 10. Re1 O-O 11. e4 Re8 12. Bd3 Na6 13. h3 Nc7 14. Bf4 a6
15. a4 b5 16. axb5 axb5 17. Rxa8 Bxa8 18. Nd2 Qd7 19. Qf3 Nfxd5 20. Nxd5
Nxd5 21. Ra1 Nxf4 22. Qxf4 c4 23. Bc2 Bxb2 24. Ra6 Bc1 25. Rxd6 Qc8 26. Qf6
Bxd2 27. Rxd2 Qe6 28. Qf4 Bb7 29. f3 Qb6+ 30. Kh1 Rd8 31. Re2 b4 32. e5 Bd5
33. Qg5 Be6 34. f4 b3 35. Be4 Rd1+ 36. Kh2 Qd8 37. Qg3 Qd4 38. Qg5 Qd8 39.
Qg3 Qd4 40. Qg5 c3 41. h4 Bc4 42. e6 Bxe2 43. e7 Qxe4 44. Qc5 Qxf4+ 0-1

[Event "Politiken Cup"]
[Site "Helsingor DEN"]
[Date "2009.07.21"]
[Round "5"]
[White "Svanholm,B"]
[Black "Hagen,T"]
[Result "1-0"]
[WhiteElo "2001"]
[BlackElo "1716"]
[EventDate "2009.07.18"]

1. c4 Nf6 2. Nc3 g6 3. d4 Bg7 4. Nf3 O-O 5. g3 d6 6. Bg2 c6 7. O-O Bg4 8.
h3 Bxf3 9. Bxf3 Re8 10. e4 e5 11. Be3 Nbd7 12. d5 c5 13. Qd2 Kh8 14. Bg2
Ng8 15. Rab1 Rf8 16. f4 f5 17. exf5 gxf5 18. fxe5 Nxe5 19. b3 Qd7 20. Ne2
Ng6 21. Rbe1 Rae8 22. Nf4 Nxf4 23. Bxf4 Rxe1 24. Rxe1 Bd4+ 25. Kh2 Rf6 26.
Re2 Rg6 27. Qe1 Rg7 28. Re6 Re7 29. Bg5 Rxe6 30. dxe6 Qe8 31. Bxb7 Bf6 32.
Bf4 Qb8 33. Bd5 Ne7 34. Qd2 Be5 35. Bxe5+ dxe5 36. Qe3 1-0

[Event "Politiken Cup"]
[Site "Helsingor DEN"]
[Date "2009.07.21"]
[Round "5"]
[White "Skjoldager,F"]
[Black "Hansen,Herb"]
[Result "1-0"]
[WhiteElo "1997"]
[BlackElo "1832"]
[EventDate "2009.07.18"]

1. e4 e5 2. Nf3 Nc6 3. Bb5 Nge7 4. c3 Ng6 5. d4 exd4 6. cxd4 Bb4+ 7. Nc3
O-O 8. O-O d6 9. Bg5 f6 10. Be3 Ba5 11. Qa4 Bxc3 12. bxc3 Nge7 13. Bc4+ Kh8
14. Qb5 a6 15. Qh5 b5 16. Bd3 Qe8 17. Qxe8 Rxe8 18. a4 bxa4 19. Rxa4 Bg4
20. Rxa6 Rxa6 21. Bxa6 Ra8 22. Bb5 Ra3 23. Rc1 h6 24. Nd2 Bh5 25. f4 Bg6
26. f5 Bf7 27. Bf4 Na5 28. d5 Nb3 29. Nxb3 Rxb3 30. Be2 g6 31. fxg6 Bxg6
32. Bf3 Kg7 33. Kf2 Ra3 34. g4 Nc8 35. Be3 Na7 36. c4 c6 37. Rb1 c5 38.
Rb7+ Bf7 39. Bxh6+ Kxh6 40. Rxf7 Kg6 41. Rc7 1-0

[Event "Politiken Cup"]
[Site "Helsingor DEN"]
[Date "2009.07.21"]
[Round "5"]
[White "Pedersen,TR"]
[Black "Larsen,Fi"]
[Result "1/2-1/2"]
[WhiteElo "1987"]
[BlackElo "1799"]
[EventDate "2009.07.18"]

1. e4 e5 2. Nf3 Nc6 3. Bc4 Be7 4. d4 exd4 5. Nxd4 Nf6 6. Nc3 O-O 7. Nxc6
dxc6 8. O-O Ng4 9. Bf4 Bd6 10. Qd2 Ne5 11. Bb3 Qf6 12. Bg3 Rd8 13. Qe2 Qh6
14. Rad1 Be6 15. Rfe1 Bxb3 16. axb3 Qg6 17. Rd2 f6 18. Red1 Qe8 19. h3 Qe7
20. Kh2 Ng6 21. Bxd6 Rxd6 22. g3 Rad8 23. Kg2 Qd7 24. Qc4+ Kf8 25. Rxd6
cxd6 26. Qd4 b6 27. f4 Ke8 28. Rd2 Kf8 29. Ne2 f5 30. exf5 Qxf5 31. g4 Qf7
32. f5 Ne5 33. Nf4 Rd7 34. Ne6+ Kg8 35. Qf4 Ng6 36. Qb4 c5 37. Qe4 Nf8 38.
Qa8 Qe7 39. Re2 d5 40. Kf3 Kf7 41. Nxg7 Qh4 42. Nh5 Qxh3+ 43. Ng3 Qh4 44.
Re8 Qh6 45. Qc8 Re7 46. Rxe7+ Kxe7 47. Qb7+ Kd6 48. Qxa7 Nd7 49. Qa4 Ne5+
50. Kg2 Qd2+ 51. Kh3 Nf3 52. Nf1 Qh6+ 53. Kg3 Ng5 54. Qf4+ Kc6 55. Nd2 Qh3+
56. Kf2 Qh4+ 57. Ke2 Nh3 58. Qa4+ Kd6 59. Qb5 Qxg4+ 60. Ke1 Qg3+ 61. Kd1
Qg1+ 62. Nf1 c4 63. Qb4+ Qc5 1/2-1/2

[Event "Politiken Cup"]
[Site "Helsingor DEN"]
[Date "2009.07.21"]
[Round "5"]
[White "Jensen,I"]
[Black "Maechel,M"]
[Result "0-1"]
[WhiteElo "1986"]
[BlackElo "1731"]
[EventDate "2009.07.18"]

1. d4 Nf6 2. Nf3 e6 3. Bf4 d5 4. Nbd2 c5 5. e3 cxd4 6. exd4 Bd6 7. Ne5 O-O
8. Bd3 Nc6 9. c3 Qc7 10. Qe2 Ne7 11. g4 Ng6 12. Bg3 Nd7 13. f4 Ndxe5 14.
fxe5 Be7 15. Nf3 Qd8 16. h4 f5 17. g5 f4 18. Bf2 Bd7 19. Qc2 Rf5 20. Bxf5
exf5 21. O-O-O Rc8 22. h5 Nf8 23. g6 h6 24. Bh4 Bxh4 25. Rxh4 Ne6 26. Qxf5
Ng5 27. Qxf4 Nxf3 28. Qxf3 Qxh4 29. Qxd5+ Kh8 30. Qxd7 Qg5+ 31. Kc2 Qg2+
32. Kb3 Rf8 33. e6 Qe2 34. Rh1 b5 35. Qd5 a5 36. Qc5 Rb8 37. Qc7 Qxe6+ 38.
Ka3 b4+ 39. cxb4 axb4+ 40. Ka4 Qxa2+ 0-1

[Event "Politiken Cup"]
[Site "Helsingor DEN"]
[Date "2009.07.21"]
[Round "5"]
[White "Rasmussen,O"]
[Black "Noer,M"]
[Result "1-0"]
[WhiteElo "1751"]
[BlackElo "1981"]
[EventDate "2009.07.18"]

1. e4 c6 2. d4 d5 3. Nc3 dxe4 4. Nxe4 Nf6 5. Bd3 Qxd4 6. Nf3 Qd8 7. Qe2
Nxe4 8. Bxe4 Bg4 9. h3 Bh5 10. O-O Qc7 11. b3 e6 12. Bb2 Nd7 13. Qe3 Bc5
14. Qg5 Bxf3 15. Bxf3 Rg8 16. Rad1 Be7 17. Qe3 Bc5 18. Rxd7 Qxd7 19. Qxc5
Qc7 20. Rd1 Qb6 21. Qe5 Rd8 22. Rxd8+ Qxd8 23. Ba3 g5 24. Bg4 Rg6 25. Qh8+
Kd7 26. Qxh7 Qf6 27. Bh5 Qa1+ 28. Kh2 Qe5+ 29. g3 Rf6 30. Qd3+ Kc8 31. Kg2
Rf5 32. Bg4 Qd5+ 33. Bf3 Qxd3 34. cxd3 Kd7 35. Bb2 Ke7 36. Bd4 Ra5 37. Be3
f6 38. a4 Kd7 39. d4 b5 40. Bd2 Ra6 41. a5 e5 42. dxe5 c5 43. exf6 Rxf6 44.
Bxg5 Ra6 45. Be3 Kd6 46. Bf4+ Kd7 47. Bd2 b4 48. h4 Rxa5 49. Bd5 Ra2 50.
Be3 Kd6 51. Bc4 Rc2 52. Bg8 a5 53. h5 a4 54. bxa4 c4 55. h6 b3 56. Bd4 c3
57. Bxb3 1-0

[Event "Politiken Cup"]
[Site "Helsingor DEN"]
[Date "2009.07.21"]
[Round "5"]
[White "Christensen,R"]
[Black "Astrom,L"]
[Result "1-0"]
[WhiteElo "1974"]
[BlackElo "1689"]
[EventDate "2009.07.18"]

1. e4 c5 2. Nf3 d6 3. d4 cxd4 4. Nxd4 Nf6 5. Nc3 g6 6. Be3 Bg7 7. f3 Nc6 8.
Qd2 O-O 9. O-O-O d5 10. Kb1 e6 11. g4 Nxd4 12. Bxd4 dxe4 13. Bc5 Qxd2 14.
Rxd2 exf3 15. Bxf8 Kxf8 16. g5 Ne8 17. h4 f6 18. Rh3 fxg5 19. Rxf3+ Ke7 20.
hxg5 Bd7 21. Rh3 Bc6 22. Rxh7 b5 23. Nxb5 Rb8 24. Nc7 Kf8 25. Nxe8 Bxe8 26.
b3 Kg8 27. Rh3 Bc6 28. Bc4 Bd5 29. Bxd5 exd5 30. Rxd5 Re8 31. Rh1 Re6 32.
Rf1 Re8 33. c4 Ra8 34. c5 a5 35. c6 Rc8 36. c7 1-0

[Event "Politiken Cup"]
[Site "Helsingor DEN"]
[Date "2009.07.21"]
[Round "5"]
[White "Rasmussen,Be"]
[Black "Andersen,Dani"]
[Result "0-1"]
[WhiteElo "1724"]
[BlackElo "1963"]
[EventDate "2009.07.18"]

1. d4 e6 2. c4 f5 3. g3 Nf6 4. Bg2 c6 5. Nf3 d5 6. b3 Bd6 7. O-O Qe7 8. Nc3
O-O 9. Bb2 Nbd7 10. c5 Bc7 11. b4 e5 12. dxe5 Nxe5 13. Nxe5 Bxe5 14. Qc2 f4
15. Na4 Ng4 16. Bxe5 Qxe5 17. Qc3 fxg3 18. Qxe5 gxf2+ 19. Rxf2 Nxe5 20.
Rxf8+ Kxf8 21. Rf1+ Ke7 22. Nc3 Be6 23. a3 a5 24. Rf4 Nc4 25. Rd4 Nxa3 26.
bxa5 Rxa5 27. e4 Rxc5 28. exd5 Rxc3 29. dxe6 Kxe6 30. Rd8 b5 31. Rb8 c5 32.
Rb7 b4 33. Rxg7 b3 34. Rb7 c4 35. Bf1 Rc2 36. Bxc4+ Nxc4 37. Rxb3 Ne5 38.
Rh3 Rc7 39. Kf1 Rg7 40. Rh6+ Ng6 41. Ke2 Kf5 42. Rh5+ Kg4 43. Ra5 Rf7 44.
Ra2 Kh3 45. Kd3 Nh4 46. Ke4 Ng2 47. Ke5 Kxh2 48. Ke6 Rf3 49. Ra5 Nf4+ 50.
Kf5 Kg3 51. Kg5 h5 52. Ra1 h4 53. Rg1+ Ng2 54. Ra1 h3 55. Ra4 h2 56. Rg4+
Kf2 0-1

[Event "Politiken Cup"]
[Site "Helsingor DEN"]
[Date "2009.07.21"]
[Round "5"]
[White "Andersen,Dag"]
[Black "Zmylon,F"]
[Result "1-0"]
[WhiteElo "1926"]
[BlackElo "1707"]
[EventDate "2009.07.18"]

1. d4 Nf6 2. Nf3 g6 3. Bg5 Bg7 4. Nbd2 O-O 5. e4 d6 6. Bd3 Nbd7 7. O-O e5
8. c3 c5 9. d5 Qc7 10. Qe2 Nb6 11. a4 Bg4 12. a5 Bxf3 13. Qxf3 Nbd7 14. Nc4
b5 15. axb6 axb6 16. Na3 Rac8 17. Nb5 Qb8 18. c4 Rfd8 19. Ra7 h6 20. Bxf6
Nxf6 21. Rfa1 Rd7 22. Qd1 Rxa7 23. Rxa7 Rd8 24. Qa4 Bf8 25. g3 Qc8 26. f3
Rd7 27. Ra8 Qb7 28. Bf1 Kg7 29. Bh3 Rc7 30. Ra7 1-0

[Event "Politiken Cup"]
[Site "Helsingor DEN"]
[Date "2009.07.21"]
[Round "5"]
[White "Jacobsen,P2"]
[Black "Nielsen,JeH"]
[Result "0-1"]
[WhiteElo "1711"]
[BlackElo "1902"]
[EventDate "2009.07.18"]

1. b3 d5 2. Bb2 c6 3. e3 Nd7 4. Nf3 Ngf6 5. c4 e6 6. Be2 Bd6 7. d4 O-O 8.
Nbd2 Ne4 9. Nxe4 dxe4 10. Nd2 f5 11. c5 Bc7 12. Qc2 Nf6 13. O-O Nd5 14. Bc4
Qh4 15. g3 Qh3 16. Rfe1 Rf6 17. Nf1 g5 18. Bc1 Bd7 19. a3 Raf8 20. Ra2 f4
21. exf4 gxf4 22. Rxe4 f3 23. Ne3 Nxe3 24. fxe3 f2+ 25. Qxf2 0-1

[Event "Politiken Cup"]
[Site "Helsingor DEN"]
[Date "2009.07.21"]
[Round "5"]
[White "Pallesen,Jo"]
[Black "Fyhn,K"]
[Result "1/2-1/2"]
[WhiteElo "1701"]
[BlackElo "1884"]
[EventDate "2009.07.18"]

1. e4 e5 2. Nf3 Nc6 3. Bc4 Nf6 4. Nc3 Bc5 5. a3 O-O 6. d3 d6 7. h3 a6 8.
Bg5 h6 9. Bh4 Nd4 10. Nd5 c6 11. Nxf6+ gxf6 12. Nxd4 Bxd4 13. Qh5 Kg7 14.
c3 Bb6 15. Bb3 d5 16. Rd1 Be6 17. O-O Qd7 18. d4 exd4 19. Rd3 dxe4 20. Rg3+
Kh7 21. Bxf6 Rg8 22. Bxe6 Qxe6 23. Bxd4 Bxd4 24. cxd4 Rxg3 25. fxg3 Kg7 26.
Rf4 Re8 27. Rg4+ 1/2-1/2

[Event "Politiken Cup"]
[Site "Helsingor DEN"]
[Date "2009.07.21"]
[Round "5"]
[White "Scherwin,C"]
[Black "Madsen,D"]
[Result "1-0"]
[WhiteElo "1868"]
[BlackElo "1579"]
[EventDate "2009.07.18"]

1. f4 d5 2. Nf3 b6 3. g3 Bb7 4. Bg2 e6 5. b3 Nf6 6. Bb2 Be7 7. e3 Nbd7 8.
d3 O-O 9. Nbd2 Ng4 10. Qe2 Bc5 11. Nd4 f5 12. h3 Bxd4 13. Bxd4 Ngf6 14. g4
c5 15. Bb2 Ne8 16. Nf3 d4 17. exd4 Qe7 18. O-O-O fxg4 19. hxg4 Rxf4 20. Ne5
Nxe5 21. Bxb7 Qg5 22. Kb1 Rd8 23. Bc1 Rdxd4 24. Rde1 Nf7 25. Qxe6 1-0

[Event "Politiken Cup"]
[Site "Helsingor DEN"]
[Date "2009.07.21"]
[Round "5"]
[White "Kristensen,S"]
[Black "Sorensen,JohnK"]
[Result "0-1"]
[WhiteElo "1565"]
[BlackElo "1857"]
[EventDate "2009.07.18"]

1. Nf3 d5 2. d4 Nf6 3. g3 Bf5 4. Bg2 e6 5. O-O c5 6. c3 Nc6 7. Bg5 h6 8.
Bxf6 Qxf6 9. dxc5 Bxc5 10. Qb3 Bb6 11. Nbd2 O-O 12. Qa4 Rad8 13. Qh4 g5 14.
Qh5 Kg7 15. Rfe1 d4 16. Nxg5 Qxg5 17. Qxg5+ hxg5 18. cxd4 Nxd4 19. Rac1 Nc2
20. Red1 Nd4 21. Bf1 Bg4 0-1

[Event "Politiken Cup"]
[Site "Helsingor DEN"]
[Date "2009.07.21"]
[Round "5"]
[White "Barane,S"]
[Black "Hein,Ja"]
[Result "1-0"]
[WhiteElo "1854"]
[BlackElo "1593"]
[EventDate "2009.07.18"]

1. e4 e5 2. Nf3 Nc6 3. Bc4 Bc5 4. b4 Nxb4 5. c3 Nc6 6. d4 exd4 7. O-O dxc3
8. Bxf7+ Kxf7 9. Qd5+ Ke8 10. Qxc5 d6 11. Qxc3 Qe7 12. Bb2 Nf6 13. Nbd2 Kd8
14. Rfe1 Bg4 15. Rad1 Nd7 16. Rc1 Re8 17. Nd4 Rb8 18. Nxc6+ bxc6 19. Qxc6
Rxb2 20. Qxc7+ 1-0

[Event "Politiken Cup"]
[Site "Helsingor DEN"]
[Date "2009.07.22"]
[Round "6"]
[White "Nielsen,PH"]
[Black "Malakhov,V"]
[Result "1/2-1/2"]
[WhiteElo "2680"]
[BlackElo "2707"]
[EventDate "2009.07.18"]

1. d4 d5 2. c4 c6 3. Nc3 Nf6 4. Nf3 a6 5. g3 b5 6. c5 g6 7. Bg2 Bg7 8. O-O
O-O 9. Ne5 Be6 10. h3 Nfd7 11. f4 Nxe5 12. fxe5 a5 13. Bf4 1/2-1/2

[Event "Politiken Cup"]
[Site "Helsingor DEN"]
[Date "2009.07.22"]
[Round "6"]
[White "Sargissian,G"]
[Black "Hammer,J"]
[Result "1-0"]
[WhiteElo "2667"]
[BlackElo "2583"]
[EventDate "2009.07.18"]

1. d4 Nf6 2. c4 g6 3. Nc3 d5 4. Bg5 Ne4 5. Bh4 Nxc3 6. bxc3 c5 7. cxd5 Qxd5
8. e3 Nc6 9. Qf3 Qxf3 10. Nxf3 Bf5 11. Bb5 Bg7 12. O-O a6 13. Be2 cxd4 14.
cxd4 e5 15. Rad1 Be4 16. Nd2 Bd5 17. Bc4 Nb4 18. dxe5 Be6 19. Bxe6 fxe6 20.
Nc4 Nxa2 21. Nd6+ Kf8 22. Nxb7 1-0

[Event "Politiken Cup"]
[Site "Helsingor DEN"]
[Date "2009.07.22"]
[Round "6"]
[White "Postny,E"]
[Black "Cmilyte,V"]
[Result "1-0"]
[WhiteElo "2647"]
[BlackElo "2470"]
[EventDate "2009.07.18"]

1. c4 Nf6 2. Nc3 c5 3. Nf3 e6 4. g3 b6 5. Bg2 Bb7 6. O-O Be7 7. d4 cxd4 8.
Qxd4 d6 9. Bg5 O-O 10. Rfd1 Nc6 11. Qf4 Ne8 12. Bxe7 Qxe7 13. Rd2 a6 14.
Rad1 Na5 15. b4 Nc6 16. a3 Rd8 17. Qe3 Qc7 18. Na4 b5 19. cxb5 axb5 20. Nc3
Ba6 21. a4 Nxb4 22. axb5 Bb7 23. b6 Qb8 24. Rb1 Na6 25. Nd4 Bxg2 26. Kxg2
Qb7+ 27. Qf3 d5 28. e4 Nf6 29. exd5 exd5 30. Nf5 Nc5 31. Rb5 Nfe4 32. Rxd5
Ng5 33. Qd1 Nd7 34. Kg1 Nh3+ 35. Kf1 g6 36. Nh6+ Kg7 37. Ng4 Qc6 38. Qd4+
f6 39. b7 Rf7 40. Ne3 Rb8 41. Qc4 Qe6 42. Qc7 Qe8 43. Qc6 f5 44. Rd4 Ng5
45. Rd6 Ne4 46. Nxe4 Qxe4 47. Qc3+ Kh6 48. Rxd7 Qh1+ 49. Ke2 Rxd7 50. Nxf5+
Kg5 51. Ne3+ 1-0

[Event "Politiken Cup"]
[Site "Helsingor DEN"]
[Date "2009.07.22"]
[Round "6"]
[White "Berg,K"]
[Black "Avrukh,B"]
[Result "1/2-1/2"]
[WhiteElo "2432"]
[BlackElo "2641"]
[EventDate "2009.07.18"]

1. Nf3 c5 2. c4 Nc6 3. d4 cxd4 4. Nxd4 Nf6 5. g3 g6 6. Bg2 Bg7 7. Nc3 O-O
8. O-O Ng4 9. e3 d6 10. h3 Nxd4 11. exd4 Nh6 12. g4 f5 13. g5 Nf7 14. Be3
e5 15. dxe5 dxe5 16. Qxd8 Nxd8 17. Nb5 f4 18. Bd5+ Be6 19. Bxa7 Bxd5 20.
cxd5 e4 21. Rae1 Rf5 22. h4 Ne6 23. Rxe4 Rxd5 24. a4 Nc5 25. Bxc5 Rxc5 26.
b3 h6 27. gxh6 Bxh6 28. Re6 Ra6 29. Re7 g5 30. Nc7 Rac6 31. Re6 gxh4 32.
Kg2 Rxe6 33. Nxe6 Rc3 34. f3 Rxb3 35. Kh3 Rb4 36. Kxh4 Kf7 37. Nc5 b6 38.
Ne4 Rxa4 39. Rb1 Ra6 40. Nd6+ Ke6 41. Nc4 Bg7 1/2-1/2

[Event "Politiken Cup"]
[Site "Helsingor DEN"]
[Date "2009.07.22"]
[Round "6"]
[White "Kuzubov,Y"]
[Black "Lund,E"]
[Result "1-0"]
[WhiteElo "2635"]
[BlackElo "2412"]
[EventDate "2009.07.18"]

1. d4 d5 2. c4 e6 3. Nf3 Nf6 4. e3 c6 5. b3 Nbd7 6. Bb2 Ne4 7. Bd3 f5 8.
O-O Qf6 9. Ne5 Nxe5 10. dxe5 Qh6 11. Qc1 g5 12. f3 Nc5 13. Be2 Rg8 14. Bd4
Nd7 15. cxd5 exd5 16. e4 Nb6 17. a4 g4 18. Qxh6 Bxh6 19. a5 fxe4 20. fxe4
Nd7 21. e6 Nf8 22. exd5 cxd5 23. Bb5+ Kd8 24. Bf6+ Kc7 25. e7 Nd7 26. Nc3
Be3+ 27. Kh1 Kd6 28. Rad1 Nxf6 29. Rxf6+ Be6 30. Nxd5 Ke5 31. Rxe6+ Kxe6
32. e8=Q Raxe8 33. Bxe8 1-0

[Event "Politiken Cup"]
[Site "Helsingor DEN"]
[Date "2009.07.22"]
[Round "6"]
[White "Aloma Vidal,R"]
[Black "Berg,E"]
[Result "1/2-1/2"]
[WhiteElo "2418"]
[BlackElo "2610"]
[EventDate "2009.07.18"]

1. d4 Nf6 2. Nf3 g6 3. c4 Bg7 4. Nc3 O-O 5. e4 d6 6. h3 e5 7. d5 a5 8. Bg5
Na6 9. Nd2 Qe8 10. Be2 Nd7 11. O-O Ndc5 12. Nb3 Nxb3 13. axb3 b6 14. Qd2
Bd7 15. Bd1 f6 16. Be3 Rf7 17. Ra3 Qf8 18. Na2 h5 19. b4 axb4 20. Nxb4 Nxb4
21. Qxb4 Rxa3 22. Qxa3 Bh6 23. b4 f5 24. exf5 Bxf5 25. Ba4 Kh7 26. Bc6 Be4
27. Re1 Bf4 28. c5 bxc5 29. bxc5 Bxe3 30. Qxe3 Bf5 31. Ra1 Qe7 32. cxd6
cxd6 33. Ra8 Qf6 34. Qb6 Qg5 35. Qe3 Qxe3 36. fxe3 h4 37. Ra4 g5 38. Ra8
Be4 39. Ra4 Bd3 40. Ra1 Kg7 41. Rd1 Be4 42. Ra1 Kh6 43. Ra8 Bd3 44. Rd8 Rf6
45. Bd7 Rf1+ 46. Kh2 Be4 47. Bg4 Rf6 48. Be6 Rf2 49. Rh8+ Kg7 50. Rg8+ Kh6
51. Rh8+ Kg7 52. Rg8+ Kh6 1/2-1/2

[Event "Politiken Cup"]
[Site "Helsingor DEN"]
[Date "2009.07.22"]
[Round "6"]
[White "Hector,J"]
[Black "Agrest,E"]
[Result "1-0"]
[WhiteElo "2556"]
[BlackElo "2590"]
[EventDate "2009.07.18"]

1. e4 c6 2. d4 d5 3. Nc3 dxe4 4. Nxe4 Bf5 5. Ng3 Bg6 6. h4 h6 7. Nf3 Nd7 8.
h5 Bh7 9. Bd3 Bxd3 10. Qxd3 e6 11. Bf4 Qa5+ 12. Nd2 Ngf6 13. c4 Be7 14. Qe2
O-O 15. O-O Rfe8 16. a3 Qd8 17. Rad1 a5 18. Nf3 a4 19. Ne5 Nf8 20. Qf3 N8h7
21. Rd3 Bd6 22. Ne2 Qe7 23. Nc3 Red8 24. Rfd1 Bc7 25. Qe2 Ng5 26. Rg3 Nfh7
27. Bc1 c5 28. Nb5 cxd4 29. f4 Bxe5 30. Qxe5 f6 31. Qe2 Nf7 32. Rxd4 f5 33.
Bd2 Qh4 34. Be1 Qe7 35. Rg6 Nf8 36. Bb4 Qh4 37. Bxf8 Rxf8 38. Nc7 e5 39.
Rd7 Rae8 40. Nxe8 Rxe8 41. fxe5 Kf8 42. e6 1-0

[Event "Politiken Cup"]
[Site "Helsingor DEN"]
[Date "2009.07.22"]
[Round "6"]
[White "Thorfinnsson,Br"]
[Black "Hansen,SuB"]
[Result "0-1"]
[WhiteElo "2377"]
[BlackElo "2554"]
[EventDate "2009.07.18"]

1. d4 d5 2. c4 c6 3. Nf3 Nf6 4. e3 Bf5 5. Nc3 e6 6. Nh4 Be4 7. f3 Bg6 8.
Qb3 Qb6 9. Nxg6 hxg6 10. Bd2 Nbd7 11. O-O-O a6 12. Kb1 Qxb3 13. axb3 Bd6
14. h3 Nh5 15. Bd3 Ng3 16. Rhe1 O-O-O 17. e4 dxe4 18. Nxe4 Nxe4 19. Bxe4
Bg3 20. Re2 Nf6 21. Bc3 Nh5 22. b4 Bc7 23. Kc2 Rd7 24. Ra1 Nf4 25. Rd2 Kb8
26. Bd3 Rhd8 27. Bf1 Bb6 28. Rad1 Nh5 29. b5 cxb5 30. cxb5 a5 31. Bc4 Nf4
32. d5 Nxd5 33. Bxd5 exd5 34. Bxg7 d4 35. Bf6 Rc8+ 36. Kb1 Rc4 37. g4 Rd5
38. h4 Rb4 39. Ka2 Kc8 40. Rh1 Rbxb5 41. Rdh2 Bc7 42. Rd2 d3 43. h5 gxh5
44. gxh5 Rxh5 45. Rxh5 Rxh5 46. Rxd3 Rf5 47. Bc3 b5 48. Be1 Kb7 49. Bf2 Kc6
50. Rc3+ Kd7 51. Kb3 Be5 52. Rd3+ Kc6 53. Be1 b4 54. Bd2 Bf6 55. f4 Rd5 56.
Rxd5 Kxd5 57. Bc1 Bd8 0-1